000 01609cam a2200277 4500
001 ABS67757
008 040419n2004 000 0 eng u
035 _a(Sirsi) u125857
100 _aMacLean, E
245 _aRural development - a time for change?
260 _c2004
490 _aScottish Planning and Environmental Law
_v(102) April 2004, 32-34(3)
520 _aExamines a new draft policy SPP15 on rural development that has been published and is now open to consultation. The potential changes could have a profound effect on certain areas of the Scottish rural environment, with changes being made at a strategic and local level to rural planning policy. Discusses how the key findings of an evaluation of NPPG15 have influenced the proposed changes to national policy and what are the future planning proposals for rural Scotland. The full report on NPPG15 is available on the Scottish Executive website, www.scotland.gov.uk/planning.
590 _aABS
590 _aABS
650 _aSCOTLAND
650 _aRURAL ENVIRONMENT
650 _aPLANNING POLICY GUIDANCE NOTES
650 _aLOCAL PLANNING
650 _aSPP15
650 _aNPPG15
690 _aPLANNING-PLANNING LAW
856 _uhttps://www.scotland.gov.uk/library5/planning/nppg803-00.asp
_zView "Research study on the effectiveness of NPPG8 town centres and retailing" on the Scottish Executive website...
856 _uhttps://www.scotland.gov.uk/library5/planning/nppg803-00.asp
_zView "Research study on the effectiveness of NPPG8 town centres and retailing" on the Scottish Executive website...
942 _n0
999 _c117208
_d117208